Solventnosť poisťovní má mať v rukách NBS, nie sudcovia
Nemajetková ujma vo vzťahu k povinnému zmluvnému poisteniu zodpovednosti za škodu spôsobenú prevádzkou motorového vozidla.
Guardado en:
| Autor principal: | |
|---|---|
| Formato: | Capítulo de libro |
| Lenguaje: | eslovaco |
| Materias: | |
| Etiquetas: |
Sin Etiquetas, Sea el primero en etiquetar este registro!
|
MARC
| LEADER | 00000naa a2200000 4500 | ||
|---|---|---|---|
| 001 | 0194217 | ||
| 005 | 20211005125040.6 | ||
| 041 | 0 | |a slo | |
| 044 | |a SK | ||
| 245 | 1 | 0 | |a Solventnosť poisťovní má mať v rukách NBS, nie sudcovia |c Jozefína Žáková |
| 520 | |a Nemajetková ujma vo vzťahu k povinnému zmluvnému poisteniu zodpovednosti za škodu spôsobenú prevádzkou motorového vozidla. | ||
| 610 | 2 | 0 | |a poisťovníctvo |
| 610 | 2 | 0 | |a poisťovne |
| 610 | 2 | 0 | |a poistenie zmluvné |
| 610 | 2 | 0 | |a poistenie zodpovednosti za škody |
| 610 | 2 | 0 | |a plnenie poistné |
| 610 | 2 | 0 | |a riziko poistné |
| 610 | 2 | 0 | |a nehody dopravné |
| 100 | 1 | |a Žáková, Jozefína | |